000 01125cam a2200205 4500
001 WB3716-17
008 000000n2001 000 0 eng u
035 _a(Sirsi) u112186
245 _aRight to buy
260 _c2001
490 _aEstates Gazette
_v[2001] EGCS 52 (21/04/01)
520 _a"R (on the application of O'Byrne) v SoS Environment, Transport and the Regions and another", CA 5 April 2001. The applicant was a tenant of a flat owned by Croyden LBC and was seeking to exercise her right to buy the flat under provisions in the Housing Act 1985. The flat fell on green belt which meant it came under terms in the Green Belt (London and Home Counties) Act 1938 and required sale consent from the SoS. When the SoS refused consent, the applicant appealed contending that the right to buy provisions in the Housing Act impliedly repealed those in the 1938 Act. Held, appeal allowed.
590 _aWB
650 _aGREEN BELT
650 _aRIGHT TO BUY
650 _aHOUSING ACT 1985
650 _aO'BYRNE V SOS ENVIRONMENT
690 _aLANDLORD AND TENANT-RESIDENTIAL TENANCIES-CASE LAW
942 _n0
999 _c66816
_d66816